000 00355nam a2200145Ia 4500
008 230718s9999 xx 000 0 und d
041 _aEng.
082 _a320
_bSAR-I
100 _aSarwar • Puff Dr. Michomad
245 0 _aIntredection to Political bien
260 _aPakistan
_bIlmi Kitab Bana
_c2010
300 _a444
650 _aLaw
999 _c26433
_d26433